Can the workers run industry?

Gorde:
Xehetasun bibliografikoak
Formatua: Liburua
Hizkuntza:Undetermined
Argitaratua: London Sphere in association with the Institute for Workers' Control 1968
Gaiak:
Etiketak: Etiketa erantsi
Etiketarik gabe, Izan zaitez lehena erregistro honi etiketa jartzen!
Thư viện lưu trữ: Trung tâm Học liệu Trường Đại học Cần Thơ
LEADER 00531nam a2200181Ia 4500
001 CTU_98198
008 210402s9999 xx 000 0 und d
082 |a 658.31 
082 |b C212 
245 0 |a Can the workers run industry? 
245 0 |c Ken Coates, editor 
260 |a London 
260 |b Sphere in association with the Institute for Workers' Control 
260 |c 1968 
650 |a Industrial management 
650 |x Employee participation 
904 |i M.Loan 
980 |a Trung tâm Học liệu Trường Đại học Cần Thơ